Investment funds : in emerging markets (Registro nro. 258245)

Detalles MARC
001 - NÚMERO DE CONTROL
campo de control 817985
005 - FECHA Y HORA DE LA ÚLTIMA TRANSACCIÓN
campo de control 20260506093339.0
008 - DATOS DE LONGITUD FIJA--INFORMACIÓN GENERAL
campo de control de longitud fija 021004s1996 eng
035 ## - NÚMERO DE CONTROL DEL SISTEMA
Número de control de sistema 817985
Número de control cancelado/no válido 7914
035 ## - NÚMERO DE CONTROL DEL SISTEMA
Número de control de sistema (OCoLC)777852014
040 ## - FUENTE DE LA CATALOGACIÓN
Centro/agencia transcriptor comduadb
041 ## - CÓDIGO DE LENGUA
Código de lengua del texto/banda sonora o título independiente eng
080 ## - NÚMERO DE LA CLASIFICACIÓN DECIMAL UNIVERSAL
Número de la Clasificación Decimal Universal BM
100 10 - ENTRADA PRINCIPAL--NOMBRE DE PERSONA
Nombre de persona Carter, Laurence
Código de función aut
Término indicativo de función/relación Autor/a
9 (RLIN) 375659
245 10 - MENCIÓN DE TÍTULO
Título Investment funds : in emerging markets
260 ## - PUBLICACIÓN, DISTRIBUCIÓN, ETC.
Lugar de publicación, distribución, etc. Washington, DC :
Nombre del editor, distribuidor, etc. Banco Mundial,
Fecha de publicación, distribución, etc. 1996.
300 ## - DESCRIPCIÓN FÍSICA
Extensión 71 páginas
490 0# - MENCIÓN DE SERIE
Mención de serie Lessons of experience series ;
Designación de volumen o secuencia 2
500 ## - NOTA GENERAL
Nota general Cuadr.est.
500 ## - NOTA GENERAL
Nota general Ref.bibl.
505 ## - NOTA DE CONTENIDO CON FORMATO
Nota de contenido con formato CONTENIDO: 1. Investment funds: an explosion ofactivity -- 2. IFC's experience base -- IFC'srole in promoting funds -- 4. Assessing the impact.
650 ## - PUNTO DE ACCESO ADICIONAL DE MATERIA--TÉRMINO DE MATERIA
Término de materia o nombre geográfico como elemento de entrada IFC (Corporacion Financiera Internacional)
9 (RLIN) 176563
650 #7 - PUNTO DE ACCESO ADICIONAL DE MATERIA--TÉRMINO DE MATERIA
Término de materia o nombre geográfico como elemento de entrada Mercado financiero
Fuente del encabezamiento o término lemb
9 (RLIN) 69011
650 ## - PUNTO DE ACCESO ADICIONAL DE MATERIA--TÉRMINO DE MATERIA
Término de materia o nombre geográfico como elemento de entrada Emergencia económica
9 (RLIN) 21121
650 ## - PUNTO DE ACCESO ADICIONAL DE MATERIA--TÉRMINO DE MATERIA
Término de materia o nombre geográfico como elemento de entrada Fondos financieros
9 (RLIN) 117539
650 ## - PUNTO DE ACCESO ADICIONAL DE MATERIA--TÉRMINO DE MATERIA
Término de materia o nombre geográfico como elemento de entrada Fondos de inversion regional
9 (RLIN) 122130
650 #7 - PUNTO DE ACCESO ADICIONAL DE MATERIA--TÉRMINO DE MATERIA
Término de materia o nombre geográfico como elemento de entrada Mercado de capitales
Fuente del encabezamiento o término lemb
9 (RLIN) 175659
710 20 - ENTRADA AGREGADA--NOMBRE DE ENTIDAD CORPORATIVA
Nombre de entidad corporativa o nombre de jurisdicción como elemento de entrada Banco Mundial
Código de función aut
Término indicativo de función/relación Autor/a
9 (RLIN) 826513
710 20 - ENTRADA AGREGADA--NOMBRE DE ENTIDAD CORPORATIVA
Nombre de entidad corporativa o nombre de jurisdicción como elemento de entrada International Finance Corporation
Código de función aut
Término indicativo de función/relación Autor/a
9 (RLIN) 830967
942 ## - ELEMENTOS DE ENTRADA AGREGADA (KOHA)
Tipo de ítem Koha Libros
Existencias
Estado de retiro Estado de pérdida Estado dañado No para préstamo Código de colección Localización permanente Ubicación/localización actual Fecha de adquisición Número de inventario Total de préstamos Signatura topográfica completa Código de barras Fecha visto por última vez Número de copia Precio válido a partir de Tipo de ítem Koha
        Colección Banco Mundial Centro Documentación Economía (Bloque 13 Of. 118) Centro Documentación Economía (Bloque 13 Of. 118) 24/04/2023 C785489   BM/30874 61000004447208 24/04/2023 1 24/04/2023 Libros